[Event "First Saturday 2012 aprilis GM"]
[Site "Budapest"]
[Date "2012.04.15"]
[Round "9"]
[White "Rodriguez, Lopez R"]
[Black "Simonian, Hrair"]
[Result "1/2-1/2"]
[WhiteElo "2266"]
[BlackElo "2469"]
[PlyCount "36"]
[EventDate "2012.04.07"]

1. e4 c6 2. d4 d5 3. Nc3 dxe4 4. Nxe4 Bf5 5. Ng3 Bg6 6. h4 h6 7. Nf3 Nd7 8. h5
Bh7 9. Bd3 Bxd3 10. Qxd3 e6 11. Bd2 Ngf6 12. O-O-O Qc7 13. Ne4 O-O-O 14. g3
Nxe4 15. Qxe4 Nf6 16. Qe2 Bd6 17. c4 c5 18. Bc3 Rhe8 1/2-1/2

[Event "First Saturday 2012 aprilis GM"]
[Site "Budapest"]
[Date "2012.04.15"]
[Round "9"]
[White "Szabo, Bence"]
[Black "Varga, Zoltan"]
[Result "1/2-1/2"]
[WhiteElo "2317"]
[BlackElo "2440"]
[PlyCount "20"]
[EventDate "2012.04.07"]

1. d4 d5 2. c4 c6 3. Nf3 Nf6 4. Nc3 dxc4 5. a4 e6 6. e3 c5 7. Bxc4 Nc6 8. dxc5
Qxd1+ 9. Kxd1 Bxc5 10. Ke2 Ke7 1/2-1/2